Geography Threesomes Quiz Stats

 Plays Quiz Updated May 14, 2019

Score 0/25 Timer 10:00
4 Plays Today
% Correct
Communist state
70.4%
Former member of USSR
66.7%
Permanent member of the UN Security Council
65.8%
Official language is Portuguese
65.3%
No land borders
59.3%
Shares a land border with only one country
58.8%
Winter Olympics host nations
56.2%
Land area more than 2,000,000 sq km
55.5%
Population of capital city more than 9,000,000
54.2%
Name of capital city is identical to name of country
54%
Nominal GDP per capita greater than $50,000
50.8%
Land locked
48%
Capital city has two words
46.5%
% Correct
Absolute monarchy
45.9%
Not a member of the UN
45.2%
Highest point more than 7,000m above sea level
45.1%
Former Italian colony
43.7%
Population of country less than 500,000
42%
Shares land borders with 8 or more other countries
38.6%
Flag contains the Sun
37.3%
Never won any Olympic medals
36.9%
Capital city contains three consecutive vowels
33.2%
Flag contains animal(s)
32.8%
Highest point less than 150m above sea level
30.7%
Currency is local dollar
26.8%

You're not logged in!

Compare scores with friends on all Sporcle quizzes.
OR
Log In

Sporcle TV

Today on Sporcle TV


Watch our educational content, quiz creation guides, and fun videos on Sporcle TV.

Show Comments

Extras

Top Quizzes Today


Score Distribution

Your Account Isn't Verified!

In order to create a playlist on Sporcle, you need to verify the email address you used during registration. Go to your Sporcle Settings to finish the process.

Report this User

Report this user for behavior that violates our Community Guidelines.

Details: